000 00693nam a2200181Ia 4500
008 090124s9999 xx 000 0 und d
082 _b119576
100 _aपाध्ये भाऊ ( प्रभाकर नारायण )
245 _a वासुनाका सांगोपांग
250 _a1
260 _c1983
300 _a432
600 _aपाध्ये भाऊ ( प्रभाकर नारायण )
630 _a वासुनाका सांगोपांग
700 _aपाध्ये भाऊ ( प्रभाकर नारायण )
730 _a वासुनाका सांगोपांग
942 _cBOOK
999 _c165662
_d165662